La femme s'entête (Record no. 185600)

MARC details
000 -LEADER
campo de control de longitud fija 01004nam a2200265 i 4500
001 - NÚMERO DE CONTROL
campo de control 185600
003 - IDENTIFICADOR DE NÚMERO DE CONTROL
campo de control ES-MaACL
005 - FECHA Y HORA DE LA ÚLTIMA TRANSACCIÓN
campo de control 20250801145725.0
008 - DATOS DE LONGITUD FIJA--INFORMACIÓN GENERAL
campo de control de longitud fija 160726s1998 fr ac |||| | fre d
020 ## - NÚMERO INTERNACIONAL ESTÁNDAR DEL LIBRO
Número Internacional Estándar del Libro 2-904388-49-4
080 ## - NÚMERO DE LA CLASIFICACIÓN DECIMAL UNIVERSAL
Número de la Clasificación Decimal Universal 82.015 Surrealismo:396
245 03 - MENCIÓN DEL TÍTULO
Título La femme s'entête
Resto del título : la part du féminin dans le surréalisme : [Colloque de Cerisy-la-Salle, août 1997] /
Mención de responsabilidad, etc. textes réunis par Georgiana M.M. Colvile et Katharine Conley.
260 ## - PUBLICACIÓN, DISTRIBUCIÓN, ETC.
Lugar de publicación, distribución, etc. [Paris] :
Nombre del editor, distribuidor, etc. Lachenal & Ritter,
Fecha de publicación, distribución, etc. 1998.
300 ## - DESCRIPCIÓN FÍSICA
Extensión 401 p. :
Otras características físicas il., retr. ;
Dimensiones 21 cm.
490 1# - MENCIÓN DE SERIE
Mención de serie Pleine marge
504 ## - NOTA DE BIBLIOGRAFÍA, ETC.
Nota de bibliografía, etc. Bibliografía: p. [393]-401.
650 #4 - PUNTO DE ACCESO ADICIONAL DE MATERIA--TÉRMINO DE MATERIA
Término de materia o nombre geográfico como elemento de entrada Surrealismo (Arte)
9 (RLIN) 17267
650 #7 - PUNTO DE ACCESO ADICIONAL DE MATERIA--TÉRMINO DE MATERIA
Término de materia o nombre geográfico como elemento de entrada Surrealismo (Literatura)
Fuente del encabezamiento o término embne
9 (RLIN) 17269
650 #7 - PUNTO DE ACCESO ADICIONAL DE MATERIA--TÉRMINO DE MATERIA
Término de materia o nombre geográfico como elemento de entrada Mujeres y literatura
Fuente del encabezamiento o término embne
9 (RLIN) 143612
700 1# - ENTRADA AGREGADA--NOMBRE PERSONAL
Nombre de persona Colvile, Georgiana M. M.
9 (RLIN) 160199
700 1# - ENTRADA AGREGADA--NOMBRE PERSONAL
Nombre de persona Conley, Katharine.
9 (RLIN) 160200
830 0# - PUNTO DE ACCESO ADICIONAL DE SERIE-TÍTULO UNIFORME
Título uniforme Pleine marge
9 (RLIN) 225250
852 ## - LOCALIZACIÓN
Ubicación ES-MaACL
Número de control de estantería L-30474
Nota libre . - Donat. Carmen Zumárraga
Holdings
Estatus retirado Estado de pérdida Estado de daño No para préstamo Biblioteca de origen Biblioteca actual Ubicación en estantería Fecha de adquisición Fuente de adquisición Total de préstamos Signatura topográfica completa Código de barras Visto por última vez Precio de reemplazo Tipo de ítem Koha
        Biblioteca del Ateneo de Madrid Biblioteca del Ateneo de Madrid Depósito 2 26/07/2016     L-30474 1195638 23/02/2023 23/02/2023 Libro impreso